000 00227nam a22001097a 4500
003 OSt
008 231013b |||||||| |||| 00| 0 eng d
041 _amal
100 _aRaja ,K K
_95524
245 _aSmruthimadhuram
942 _cBK
999 _c17743
_d17743